000 01985nam0a22003251 4500
001 rc\4958238
005 20250613050154.0
021 _aRU
_b[66-49821]
035 _a(NLR Aleph) 008956612
090 _a9037314
_c9037314
100 _a20130426d1966 |||y0rusy50 ca
101 0 _arus
102 _aRU
105 _aa z |||||
200 1 _aРазвитие теории бетона и железобетона и состояние их производства в Литовской, Латвийской и Эстонской ССР
210 _a[Москва]
_cСтройиздат
_d1966
215 _a17 с.
_cил.
_d21
225 1 _aНаучно-техническое общество строительной индустрии. Центральное и Латвийское республиканские правления. Министерство промышленности строительных материалов СССР. Министерство строительства Латвийской ССР. ЦК Профсоюза рабочих строительства и промышленности строительных материалов. НИИЖБ Госстроя СССР. ВНИИЖелезобетон МПСМ СССР. VI конференция по бетону и железобетону. Рига, 1966 г. Доклады на пленуме
300 _aПеред загл. авт.: кандидаты техню наук А.П. Кудзис, Г.Я. Куннос, инженеры П.Р. Вейгель, Н.Н. Болотов
606 _aБетонные конструкции
_2psbo
606 _aЖелезобетонные конструкции
_2psbo
701 1 _aКуннос
_bГ.Я.
701 1 _aВейгель
_bП.Р.
701 1 _aБолотов
_bН.Н.
701 1 _aКудзис
_bА.П.
801 0 _aRU
_bNLR
_gpsbo
801 1 _aRU
_bELAR
_2rusmarc
852 _aNLR
_j66-6/7433
942 _cBOOK
980 _aNB